| 000 | 00501nam a2200217Ia 4500 | ||
|---|---|---|---|
| 008 | 170918s9999 xx 000 0 und d | ||
| 020 | _a9780545564922 | ||
| 050 | _bA759 2013 | ||
| 100 | _aArnold, Tedd | ||
| 245 | _aFly guy presents : | ||
| 245 | _bspace / | ||
| 245 | _cTedd Arnold. | ||
| 260 | _aNew York : | ||
| 260 | _bScholastic, | ||
| 260 | _c2013 | ||
| 300 | _aunpaged : | ||
| 300 | _bcolored illustration ; | ||
| 300 | _c23cm. | ||
| 440 | _aScholastic reader. | ||
| 500 | _a590 | ||
| 999 |
_c341559 _d341559 |
||